000 00511nam a22001697a 4500
999 _c9038
_d9038
008 210320b ||||| |||| 00| 0 eng d
040 _aBMS College of Architecture
100 _aKadaambi, N, Amoolya
245 _aBeach resort- Mangalore
300 _a64p.
500 _a1BM07AT006
502 _8B.Arch
_NBMS College of Architecture, Visvesvaraya Technological University
_aProject reoprt
_d2012
650 _aMangalore
700 _aShoba M N
_eGuide
700 _aK R Madhu Chand
_eGuide
942 _2ddc
_cTHE